[Event "Meesterklasse 2014-2015"]
[Site "?"]
[Date "2014.11.01"]
[Round "2.9"]
[White "Paulet, Iozefina"]
[Black "Vedder, Richard"]
[Result "1/2-1/2"]
[WhiteElo "2212"]
[BlackElo "2252"]
[PlyCount "141"]
[EventDate "2014.??.??"]
[EventCountry "NED"]
[WhiteTeam "Groninger Combinatie"]
[BlackTeam "En Passant III"]
[WhiteTeamCountry "NED"]
[BlackTeamCountry "NED"]

1. e4 e5 2. Nf3 Nc6 3. Bb5 a6 4. Ba4 Nf6 5. O-O Nxe4 6. d4 b5 7. Bb3 d5 8. dxe5
Be6 9. c3 Bc5 10. Qe1 O-O 11. Bc2 Bf5 12. Be3 Bxe3 13. Qxe3 Bg6 14. Nbd2 Nxd2
15. Qxd2 Bxc2 16. Qxc2 f6 17. Qf5 Nxe5 18. Nxe5 fxe5 19. Qe6+ Kh8 20. Rad1 Rf6
21. Qxd5 Rd6 22. Qf3 Qf8 23. Qxf8+ Rxf8 24. Rxd6 cxd6 25. Rd1 Rd8 26. Rd5 Kg8
27. f4 exf4 28. Kf2 Kf7 29. Rf5+ Ke6 30. Rxf4 d5 31. Ke3 Rb8 32. Rh4 h6 33. Rg4
g5 34. a3 Ke5 35. Rg3 a5 36. Kd3 Rf8 37. Re3+ Kd6 38. Re2 a4 39. Kd2 Kc5 40.
Kd3 Rf1 41. Rd2 g4 42. Ke2 Rh1 43. Kf2 Rxh2 44. Rd4 Rh1 45. Rxg4 Rc1 46. Rb4
Rc2+ 47. Kf3 Rd2 48. b3 Rd3+ 49. Ke2 Rxc3 50. bxa4 Rxa3 51. Rxb5+ Kc4 52. Rb6
Ra2+ 53. Kd1 d4 54. Rxh6 Kc3 55. Rd6 Kd3 56. Kc1 Ra1+ 57. Kb2 Rxa4 58. g4 Ra5
59. Rh6 Re5 60. g5 Re2+ 61. Kc1 Re1+ 62. Kb2 Rg1 63. Rh3+ Kd2 64. Rh2+ Kd1 65.
Rh4 d3 66. g6 Rg2+ 67. Kc3 d2 68. Rh1+ Ke2 69. Kc2 Rxg6 70. Rh2+ Ke1 71. Rh1+
1/2-1/2

[Event "Meesterklasse 2014-2015"]
[Site "?"]
[Date "2014.11.01"]
[Round "2.9"]
[White "Roobol, Martin"]
[Black "Van Kerkhof, David"]
[Result "1-0"]
[WhiteElo "2340"]
[BlackElo "2338"]
[PlyCount "47"]
[EventDate "2014.??.??"]
[EventCountry "NED"]
[WhiteTeam "HMC Calder VII"]
[BlackTeam "LSG VI"]
[WhiteTeamCountry "NED"]
[BlackTeamCountry "NED"]

{600MB, Fritz11.ctg} 1. e4 g6 2. d4 Bg7 3. Nc3 d6 4. f4 a6 5. Nf3 Nd7 6. e5 c5
7. Bc4 cxd4 8. Ng5 Nh6 9. Bxf7+ Nxf7 10. Ne6 Qa5 11. Nxg7+ Kf8 12. Ne6+ Kg8 13.
Qxd4 dxe5 14. Qd5 Qxd5 15. Nxd5 h6 16. O-O Kh7 17. fxe5 Ndxe5 18. Nec7 Ra7 19.
Bf4 b5 20. Rae1 e6 21. Bxe5 Nxe5 22. Rxe5 exd5 23. Rf7+ Kg8 24. Ree7 1-0

[Event "Meesterklasse 2014-2015"]
[Site "?"]
[Date "2014.11.01"]
[Round "2.10"]
[White "Bohm, Hans"]
[Black "Hulshof, Peter"]
[Result "1-0"]
[WhiteElo "2314"]
[BlackElo "2184"]
[PlyCount "153"]
[EventDate "2014.??.??"]
[EventCountry "NED"]
[WhiteTeam "En Passant III"]
[BlackTeam "Groninger Combinatie"]
[WhiteTeamCountry "NED"]
[BlackTeamCountry "NED"]

1. d4 g6 2. c3 Bg7 3. h4 h5 4. Bg5 d5 5. Nd2 Nf6 6. g3 c6 7. Bg2 Qb6 8. Qb3 O-O
9. Ngf3 Nbd7 10. O-O Re8 11. Bf4 Ng4 12. e4 Qxb3 13. axb3 dxe4 14. Nxe4 Ngf6
15. Nxf6+ Nxf6 16. Rfe1 Bf5 17. Be5 a6 18. Nd2 Be6 19. Nc4 Nd7 20. Bxg7 Kxg7
21. Re3 Rac8 22. Rae1 Rc7 23. Kf1 Kf8 24. Ke2 Rd8 25. Kf1 Bxc4+ 26. bxc4 Nf6
27. c5 e6 28. f4 Kg7 29. Bf3 Ng8 30. Ke2 Ne7 31. Be4 Nf5 32. Rf3 Kf6 33. Kd3
Re7 34. Kc4 Rc7 35. Rd3 Ne7 36. Ra1 Re8 37. Ra3 Rd8 38. Rb3 Rdd7 39. Kb4 Rd8
40. Ka5 Nc8 41. Ra3 Rcd7 42. Rd2 Rh8 43. Ra1 Ke7 44. c4 Rhd8 45. Rad1 Rc7 46.
b4 Kf6 47. d5 cxd5 48. cxd5 exd5 49. Rxd5 Re8 50. R1d4 Rce7 51. Rd8 Rxe4 52.
Rxc8 Rxd4 53. Rxe8 Rd3 54. Rb8 Ra3+ 55. Kb6 Rb3 56. Rxb7 Rxb4+ 57. Kxa6 Rc4 58.
Kb5 Rc3 59. c6 Ke6 60. Rd7 Rb3+ 61. Kc4 Rxg3 62. Rd4 Rg1 63. Kc5 Rc1+ 64. Rc4
Rb1 65. Re4+ Kf5 66. Rb4 Rc1+ 67. Rc4 Ra1 68. c7 Ra8 69. Kd6 Kg4 70. Ke7 f5 71.
Kf6 Kxh4 72. Kxg6 Kg4 73. c8=Q Rxc8 74. Rxc8 h4 75. Rh8 Kxf4 76. Rxh4+ Kg3 77.
Kg5 1-0

[Event "Meesterklasse 2014-2015"]
[Site "?"]
[Date "2014.11.01"]
[Round "2.10"]
[White "Ootes, Lars"]
[Black "Buckels, Valentin"]
[Result "1/2-1/2"]
[WhiteElo "2364"]
[BlackElo "2179"]
[PlyCount "109"]
[EventDate "2014.??.??"]
[EventCountry "NED"]
[WhiteTeam "BSG II"]
[BlackTeam "Voerendaal X"]
[WhiteTeamCountry "NED"]
[BlackTeamCountry "NED"]

1. e4 e5 2. Nf3 Nc6 3. Bb5 a6 4. Ba4 Nf6 5. O-O d6 6. Bxc6+ bxc6 7. d4 Nxe4 8.
dxe5 Be7 9. Qe2 d5 10. Nd4 Qd7 11. f3 Nc5 12. f4 a5 13. Qf3 f5 14. Be3 O-O 15.
Nd2 Ba6 16. Rfe1 Ne4 17. Qh3 g6 18. Rad1 Nxd2 19. Rxd2 c5 20. Nf3 Qe6 21. Bf2
d4 22. c3 dxc3 23. bxc3 Rfd8 24. Red1 Rxd2 25. Rxd2 Qc4 26. Rd1 Rd8 27. Re1
Qxf4 28. Be3 Qg4 29. Qxg4 fxg4 30. Nd2 Bd3 31. Nb3 Rd5 32. Nxa5 Rxe5 33. Nc6
Re6 34. Nxe7+ Rxe7 35. Kf2 Kf7 36. a4 Re4 37. Bxc5 Rxa4 38. Re7+ Kf6 39. Rxc7
h5 40. Rc6+ Kf7 41. Bd4 Be4 42. Rf6+ Ke7 43. Ke3 Bf5 44. Rb6 Ra2 45. Bc5+ Kd7
46. Rd6+ Kc7 47. Rd2 Rxd2 48. Kxd2 g3 49. hxg3 Be4 50. Ke3 Bxg2 51. Be7 Kc6 52.
c4 Bf1 53. Kd4 Be2 54. c5 Bd1 55. Ke5 1/2-1/2

[Event "Meesterklasse 2014-2015"]
[Site "?"]
[Date "2014.11.01"]
[Round "2.10"]
[White "Schoppen, Casper"]
[Black "Rietman, Frits"]
[Result "1-0"]
[WhiteElo "1895"]
[BlackElo "2241"]
[PlyCount "81"]
[EventDate "2014.??.??"]
[EventCountry "NED"]
[WhiteTeam "Utrecht IV"]
[BlackTeam "SISSA IX"]
[WhiteTeamCountry "NED"]
[BlackTeamCountry "NED"]

1. d4 d5 2. c4 dxc4 3. Nf3 Nf6 4. e3 Bg4 5. Bxc4 e6 6. O-O Nbd7 7. Nc3 Bb4 8.
a3 Bxc3 9. bxc3 O-O 10. a4 Re8 11. Qb3 Bxf3 12. gxf3 Rb8 13. Ba3 Nh5 14. f4 Qh4
15. Qd1 Kh8 16. Qf3 g6 17. Kh1 Qf6 18. Qg4 h6 19. a5 Ng7 20. Bb5 Qd8 21. Qh3
Kh7 22. d5 f5 23. c4 exd5 24. cxd5 Re4 25. Bd3 Ra4 26. Qg2 b5 27. Bc2 Rc4 28.
Rg1 Qe8 29. Bd3 Rc3 30. Bb1 Rb3 31. e4 b4 32. Bc1 Rxb1 33. Rxb1 Qxe4 34. f3 Qe8
35. Bb2 Nh5 36. Qd2 Rb5 37. Rbe1 Qf7 38. Re6 Ndf6 39. Qe2 Nxd5 40. Re8 b3 41.
Rh8# 1-0

[Event "Meesterklasse 2014-2015"]
[Site "?"]
[Date "2014.11.01"]
[Round "2.10"]
[White "Van Overdam, Jan"]
[Black "Den Hartog, Marijn"]
[Result "1-0"]
[WhiteElo "2177"]
[BlackElo "2158"]
[PlyCount "96"]
[EventDate "2014.??.??"]
[EventCountry "NED"]
[WhiteTeam "Charlois Europoort V"]
[BlackTeam "Pathena Rotterdam VIII"]
[WhiteTeamCountry "NED"]
[BlackTeamCountry "NED"]
[WhiteClock "0:08:07"]
[BlackClock "0:16:37"]

1. e4 e6 2. d4 d5 3. Nd2 Nf6 4. e5 Nfd7 5. Bd3 c5 6. c3 Nc6 7. Ne2 cxd4 8. cxd4
f6 9. exf6 Nxf6 10. O-O Bd6 11. Nf3 Qc7 12. g3 O-O 13. Nf4 e5 14. dxe5 Nxe5 15.
Nxe5 Bxe5 16. Re1 Rd8 17. Qb3 Bd4 18. Be3 Qb6 19. Bxd4 Qxd4 20. Rad1 Qb6 21.
Qxb6 axb6 22. a3 Bg4 23. Be2 Bxe2 24. Rxe2 Kf7 25. Red2 Rd6 26. Rd4 Rc8 27.
R1d2 g5 28. Nd3 Re6 29. f3 h5 30. Kf2 g4 31. Nf4 Rd6 32. Ne2 gxf3 33. Kxf3 Re8
34. Nc3 Re5 35. Kg2 Ke6 36. Rf4 Ng4 37. Nb5 Rd8 38. h3 Ne3+ 39. Kh2 Rc8 40.
Rdf2 Rc4 41. Rf6+ Kd7 42. Rd6+ Ke8 43. Rxb6 Rc1 44. Rxb7 Nf1+ 45. Kg2 Ne3+ 46.
Kf3 Re1 47. Nd6+ Kf8 48. Kf4 Re6 {Ke4+} 1-0

[Event "Meesterklasse 2014-2015"]
[Site "?"]
[Date "2014.11.01"]
[Round "2.10"]
[White "Van Wessel, Rudy"]
[Black "Ondersteijn, Niels"]
[Result "0-1"]
[WhiteElo "2394"]
[BlackElo "2329"]
[PlyCount "67"]
[EventDate "2014.??.??"]
[EventCountry "NED"]
[WhiteTeam "LSG VI"]
[BlackTeam "HMC Calder VII"]
[WhiteTeamCountry "NED"]
[BlackTeamCountry "NED"]

{600MB, Fritz11.ctg} 1. d4 Nf6 2. c4 g6 3. Nc3 d5 4. cxd5 Nxd5 5. e4 Nxc3 6.
bxc3 c5 7. Nf3 Bg7 8. Be3 Qa5 9. Nd2 Nd7 10. Qb3 O-O 11. Rc1 e5 12. d5 f5 13.
Bb5 f4 14. Nc4 Qd8 15. Bd2 Nf6 16. Nxe5 Nxe4 17. d6+ Kh8 18. Nf7+ Rxf7 19. Qxf7
Nxd6 20. Qb3 Qe7+ 21. Be2 f3 22. gxf3 Bh3 23. Rg1 Re8 24. Be3 Nf5 25. c4 Bd4
26. Rg3 Nxe3 27. fxe3 Bxe3 28. Qb2+ Bd4 29. Qd2 Rd8 30. Rd1 Bf5 31. Kf1 Rd7 32.
Qf4 Rd6 33. Re1 Re6 34. Qg5 0-1